European flags with exactly 3 colors - Statistics

General Stats
  • This quiz has been taken 16 times
  • The average score is 19 of 21
Answer Stats
Answer % Correct
Belgium
100%
France
100%
Germany
100%
Ireland
100%
Italy
100%
Norway
100%
Romania
100%
Estonia
94%
Iceland
94%
Lithuania
94%
Russia
94%
Bulgaria
88%
Hungary
88%
Luxembourg
88%
Netherlands
88%
Czechia
81%
Slovakia
81%
United Kingdom
81%
Bosnia and Herzegovina
75%
Belarus
69%
Malta
56%
No matching quizzes found
Score Distribution
Percent of People with Each Score
Percentile by Number Answered
Your Score History
You have not taken this quiz